Laufey songs in alphabetical order - Statistics

General Stats
  • This quiz has been taken 10 times
  • The average score is 40 of 83
Answer Stats
Letter Song Album % Correct
A Above The Chinese Restaurant Everything I Know About Love
86%
A A Cautionary Tale A Matter Of Time
71%
B Bored Bewitched: The Goddess Edition
71%
C Clockwork A Matter Of Time
71%
C Cuckoo Ballet (Interlude) A Matter Of Time
71%
F Forget-Me-Not A Matter Of Time
71%
F Fragile Everything I Know About Love
71%
G Goddess Bewitched: The Goddess Edition
71%
H Haunted Bewitched
71%
H Hi Everything I Know About Love
71%
I I Wait, I Wait, I Wait A Matter Of Time: The Final Hour
71%
J Just Like Chet Everything I Know About Love
71%
M Madwoman A Matter Of Time: The Final Hour
71%
S Seems Like Old Times - Bonus Track A Matter Of Time
71%
B Beautiful Stranger Everything I Know About Love
57%
B Best Friend Typical Of Me
57%
B Bewitched Bewitched
57%
C California And Me Bewitched
57%
C Carousel A Matter Of Time
57%
C Christmas Dreaming A Very Laufey Holiday
57%
D Dance With You Tonight Everything I Know About Love
57%
E Everything I Know About Love Everything I Know About Love
57%
F Falling Behind Everything I Know About Love
57%
F From The Start Bewitched
57%
I It Could Happen To You Bewitched: The Goddess Edition
57%
I I Wish You Love Typical Of Me
57%
J James Typical Of Me
57%
L Letter To My 13 Year Old Self Bewitched
57%
L Let You Break My Heart Again Single
57%
L Lovesick Bewitched
57%
L Lucky For Me Everything I Know About Love (Deluxe Edition)
57%
M Magnolia Typical Of Me
57%
M Misty Bewitched
57%
M Mr. Eclectic A Matter Of Time
57%
N Night Light Everything I Know About Love
57%
N Nocturne (Interlude) Bewitched
57%
S Serendipity Bewitched
57%
S Snow White A Matter Time
57%
T Tough Luck A Matter Of Time
57%
A A Night To Remember Single
43%
C Castle In Hollywood A Matter Of Time
43%
C Clean Air A Matter Of Time
43%
D Dreamer Bewitched
43%
H Have Yourself A Merry Little Christmas Christmas With You
43%
H How I Get A Matter Of Time: The Final Hour
43%
I I've Never Been In Love Before Everything I Know About Love
43%
L Love Flew Away Single
43%
L Lover Girl A Matter Of Time
43%
L Love To Keep Me Warm A Very Laufey Holiday
43%
P Promise Bewitched
43%
Q Questions For The Universe Everything I Know About Love (Deluxe Edition)
43%
S Sabotage A Matter Of Time
43%
S Santa Baby A Very Laufey Holiday
43%
S Second Best Bewitched
43%
S Silver Lining A Matter Of Time
43%
S Someone New Typical Of Me
43%
S Street By Street Typical Of Me
43%
T The Christmas Waltz A Very Laufey Holiday
43%
T The Nearness Of You A Night At The Symphony
43%
T Trouble Bewitched: The Goddess Edition
43%
V Valentine Everything I Know About Love
43%
W Where Or When Single
43%
W Winter Wonderland A Very Laufey Holiday
43%
A Ain't Christmas Single
29%
B Better Than Snow Christmas With You
29%
B But Beautiful A Big Beautiful Journey Soundtrack
29%
C Christmas Magic A Very Laufey Holiday
29%
D Dear Soulmate Everything I Know About Love
29%
E Every Time We Say Goodbye A Night At The Symphony
29%
I I'll Forget About You (In Time) A Matter Of Time: The Final Hour
29%
L Like The Movies Typical Of Me
29%
M Must Be Love Bewitched
29%
N No One Knows Angel Face
29%
S Santa Claus Is Comin' To Town A Very Laufey Holiday
29%
S Slow Down Everything I Know About Love (Deluxe Edition)
29%
T The Risk A Big Beautiful Journey Soundtrack
29%
T Too Little, Too Late A Matter Of Time
29%
W What Love Will Do To You Everything I Know About Love
29%
W While You Were Sleeping Bewitched
29%
C A Cautionary Tale A Matter Of Time
14%
T The Longest Goodbye Single
14%
É Ég Veit bú Kemur A Night At The Symphony
0%
L Let's Dream In The Moonlight - Take 1 A Big Beautiful Journey Soundtrack
0%
No matching quizzes found
Score Distribution
Percent of People with Each Score
Percentile by Number Answered
Your Score History
You have not taken this quiz